Main Actors/Actresses in Romance films - Statistics

General Stats
  • This quiz has been taken 256 times
  • The average score is 11 of 20
Answer Stats
Hint Answer % Correct
ACTOR in Titanic Leonardo DiCaprio
96%
ACTOR in Love Story Ryan O'Neal
87%
ACTRESS in Pretty Woman Julia Roberts
85%
ACTRESS in The Twilight Saga Kristen Stewart
78%
ACTOR in The Notebook Ryan Gosling
78%
ACTOR in The Proposal Ryan Reynolds
75%
ACTOR in Ghost Patrick Swayze
70%
ACTRESS in Silver Linings Playbook Jennifer Lawrence
67%
ACTOR in Four Weddings and a Funeral Hugh Grant
66%
ACTOR in Dear John Channing Tatum
64%
ACTRESS in Cleopatra (1963) Elizabeth Taylor
51%
ACTRESS in Letter to Juliet Amanda Seyfried
49%
ACTRESS in Romeo + Juliet (1996 Version) Claire Danes
49%
ACTRESS in Some Like it Hot Marilyn Monroe
45%
ACTRESS in The Vow Rachel McAdams
44%
ACTOR in Casablanca Humphrey Bogart
40%
ACTRESS in Safe Haven Julianne Hough
23%
ACTRESS in Blue Valentine Michelle Williams
21%
ACTOR in Beastly Alex Pettyfer
20%
ACTRESS in Endless Love (2014 Version) Gabriella Wilde
6%
No matching quizzes found
Score Distribution
Percent of People with Each Score
Percentile by Number Answered
Your Score History
You have not taken this quiz